[Event "srefidensi chess tournament Master Class"]
[Site "Hotel Royal Torarica"]
[Date "2013.11.24"]
[Round "7.2"]
[White "Vilela De Acuna, Jose Luis"]
[Black "Matoewi, Roger"]
[Result "1/2-1/2"]
[WhiteElo "2323"]
[BlackElo "2119"]
[PlyCount "376"]
[EventDate "2013.??.??"]

1. d4 Nf6 2. Nf3 g6 3. Bg5 Bg7 4. Nbd2 d6 5. e4 O-O 6. c3 c6 7. Qc2 Nbd7 8. Be2
Re8 9. e5 Nd5 10. Nc4 f6 11. Bd2 N5b6 12. O-O-O d5 13. exf6 exf6 14. Ne3 f5 15.
Bd3 Nf6 16. Nf1 Ne4 17. Bf4 Nd7 18. h4 Ndf6 19. N1h2 c5 20. dxc5 Nxc5 21. Be5
Qa5 22. Kb1 Nxd3 23. Qxd3 Be6 24. Qd4 Nh5 25. Bxg7 Nxg7 26. Ng5 h6 27. Nxe6
Rxe6 28. Nf3 Rd8 29. Rhe1 Qa6 30. Rxe6 Qxe6 31. Re1 Qa6 32. a3 Re8 33. Qxd5+
Kh7 34. Rxe8 Nxe8 35. Ka2 Ng7 36. Ne5 Qe6 37. c4 f4 38. g3 fxg3 39. fxg3 b6 40.
Qxe6 Nxe6 41. b4 Kg7 42. Nc6 g5 43. Nxa7 g4 44. Nc6 Kf6 45. a4 Kf5 46. a5 bxa5
47. bxa5 Nc7 48. Nb4 Ke4 49. a6 Kf3 50. a7 Kxg3 51. Nd5 Na8 52. c5 Kxh4 53. c6
g3 54. c7 Nxc7 55. Nxc7 g2 56. a8=Q g1=Q 57. Nd5 Qg2+ 58. Kb3 Qf3+ 59. Kc4 Kg3
60. Qb8+ Kg2 61. Qe5 h5 62. Nf4+ Kf1 63. Qa1+ Kf2 64. Nd3+ Kg3 65. Qe1+ Kh3 66.
Qe5 h4 67. Kd4 Qg4+ 68. Nf4+ Kg3 69. Qe3+ Qf3 70. Ne2+ Kg4 71. Qe6+ Qf5 72. Qd6
Qf2+ 73. Kd3 h3 74. Qg6+ Kh4 75. Qh6+ Kg4 76. Qg6+ Kh4 77. Qh7+ Kg4 78. Qg7+
Kh4 79. Qe7+ Kg4 80. Qe4+ Kg5 81. Qe7+ Kg4 82. Qg7+ Kh4 83. Qh8+ Kg4 84. Qg8+
Kh4 85. Qc4+ Kg5 86. Qc1+ Kg4 87. Qc4+ Kg5 88. Qg8+ Kh4 89. Qh7+ Kg4 90. Qg6+
Kh4 91. Qe4+ Kg5 92. Nd4 h2 93. Nf3+ Kh6 94. Qe6+ Kg7 95. Qe5+ Kf8 96. Nxh2 Kf7
97. Qd5+ Kf8 98. Nf3 Qf1+ 99. Ke4 Qb1+ 100. Kf4 Qc1+ 101. Kf5 Qc8+ 102. Kg5
Qc1+ 103. Kg6 Qc2+ 104. Kf6 Qb2+ 105. Nd4 Qf2+ 106. Nf5 Qb2+ 107. Kg6 Qb6+ 108.
Kg5 Qg1+ 109. Kf4 Qh2+ 110. Kg4 Qg1+ 111. Ng3 Ke7 112. Qd3 Ke8 113. Qd6 Kf7
114. Kf3 Qc1 115. Kg4 Qg1 116. Qd7+ Kf8 117. Qd8+ Kf7 118. Qd7+ Kf8 119. Kf3
Qc1 120. Nf5 Qf1+ 121. Kg4 Qg1+ 122. Kh5 Qh2+ 123. Kg5 Qg1+ 124. Kf6 Qa1+ 125.
Nd4 Qf1+ 126. Ke6 Qa6+ 127. Ke5 Qa1 128. Qd6+ Ke8 129. Kf6 Qf1+ 130. Nf5 Qa1+
131. Kg6 Qg1+ 132. Ng3 Qb1+ 133. Kg5 Qc1+ 134. Kf5 Qc8+ 135. Kf4 Qc1+ 136. Kg4
Qg1 137. Qd5 Kf8 138. Qe6 Qd1+ 139. Ne2 Qa4+ 140. Nf4 Qd1+ 141. Kf5 Qb1+ 142.
Kf6 Qa1+ 143. Kf5 Qb1+ 144. Kg5 Qg1+ 145. Kh5 Qh1+ 146. Nh3 Qd1+ 147. Kg5 Qc1+
148. Kg4 Qd1+ 149. Kg3 Qd3+ 150. Kg2 Qd2+ 151. Nf2 Qc3 152. Ng4 Qd2+ 153. Kf3
Qd1+ 154. Kf4 Qf1+ 155. Kg5 Qc1+ 156. Ne3 Qg1+ 157. Kf4 Qh2+ 158. Ke4 Qh1+ 159.
Kd4 Qa1+ 160. Kd5 Qa2+ 161. Nc4 Qg2+ 162. Kd6 Qh2+ 163. Kc6 Qh1+ 164. Kc5 Qg1+
165. Ne3 Qc1+ 166. Kd4 Qa1+ 167. Kd3 Qb1+ 168. Ke2 Qb5+ 169. Kf3 Qh5+ 170. Kg2
Qg5+ 171. Ng4 Qd2+ 172. Kg3 Qc3+ 173. Kh4 Qh8+ 174. Nh6 Qd4+ 175. Kg5 Qd2+ 176.
Kh5 Qh2+ 177. Kg5 Qd2+ 178. Kg4 Qg2+ 179. Kf4 Qd2+ 180. Kf3 Qd1+ 181. Kg2 Qd2+
182. Kh3 Qc3+ 183. Kh4 Qb4+ 184. Kh5 Qb5+ 185. Kh4 Qb4+ 186. Kh5 Qb5+ 187. Nf5
Qe8+ 188. Qxe8+ Kxe8 1/2-1/2

[Event "srefidensi chess tournament Master Class"]
[Site "Hotel Royal Torarica"]
[Date "2013.11.24"]
[Round "7.4"]
[White "Gajadin, Dewperkash"]
[Black "L'ami, Alina"]
[Result "0-1"]
[WhiteElo "2138"]
[BlackElo "2361"]
[PlyCount "96"]
[EventDate "2013.??.??"]

1. d4 Nf6 2. c4 g6 3. Nc3 Bg7 4. e4 d6 5. Nf3 O-O 6. Be2 Bg4 7. O-O Nfd7 8. Be3
c5 9. Rc1 Bxf3 10. Bxf3 Nc6 11. d5 Nd4 12. Bg4 Ne5 13. Be2 a6 14. f4 Nd7 15. a4
Rb8 16. Kh1 e6 17. Bd3 Re8 18. Qg4 Nf6 19. Qh3 exd5 20. exd5 Qb6 21. Rf2 Ng4
22. Qxg4 Rxe3 23. Bb1 f5 24. Qh4 Rbe8 25. Rcf1 Qb4 26. g4 Qxc4 27. gxf5 Nxf5
28. Bxf5 gxf5 29. Rg1 Re1 30. Rfg2 Rxg1+ 31. Rxg1 Kh8 32. Re1 Rxe1+ 33. Qxe1 h6
34. Kg2 Qxf4 35. Qe8+ Kh7 36. Qf7 b6 37. Ne2 Qg5+ 38. Kf3 Qf6 39. Qe8 Qxb2 40.
Nf4 Qc3+ 41. Kg2 Qe5 42. Qg6+ Kh8 43. Ne6 Qe2+ 44. Kh3 Qf3+ 45. Kh4 Qg4+ 46.
Qxg4 fxg4 47. Kxg4 b5 48. Nd8 bxa4 0-1

[Event "srefidensi chess tournament Master Class"]
[Site "Hotel Royal Torarica"]
[Date "2013.11.24"]
[Round "7.5"]
[White "Willemze, Thomas"]
[Black "Sanches, Romario"]
[Result "1-0"]
[WhiteElo "2418"]
[BlackElo "2038"]
[PlyCount "131"]
[EventDate "2013.??.??"]

1. e4 c5 2. Nc3 d6 3. d4 cxd4 4. Qxd4 a6 5. Be3 Nc6 6. Qb6 Qxb6 7. Bxb6 Nf6 8.
O-O-O g6 9. Nd5 Nxd5 10. exd5 Ne5 11. Bd4 Bh6+ 12. Kb1 O-O 13. Re1 Bg7 14. f4
Ng4 15. Bxg7 Kxg7 16. h3 Nf6 17. Bc4 b5 18. Bb3 Re8 19. Ne2 Bb7 20. Rd1 a5 21.
a3 Ne4 22. Rhe1 Nc5 23. Nc3 Ba6 24. Rd4 Kf8 25. Ba2 Rec8 26. b4 axb4 27. axb4
Nd7 28. Kb2 Nb6 29. Bb3 Nc4+ 30. Bxc4 Rxc4 31. Rxc4 bxc4 32. b5 Rb8 33. Rb1 e6
34. Ka3 Bb7 35. Rd1 Ke7 36. Kb4 exd5 37. Nxd5+ Bxd5 38. Rxd5 Ke6 39. Rd1 d5 40.
c3 Ra8 41. Kc5 Rc8+ 42. Kd4 Kd6 43. Ra1 Rd8 44. Ra7 f5 45. Ra6+ Kc7 46. Kc5 Kb7
47. Kd4 Kc7 48. Rc6+ Kb7 49. h4 Rd7 50. Re6 Kc7 51. Rf6 Kb7 52. h5 gxh5 53.
Rxf5 Rg7 54. Rxd5 Rxg2 55. Rxh5 Rg4 56. Rf5 h5 57. Kc5 h4 58. Rf7+ Kb8 59. f5
Rg8 60. Rh7 Rf8 61. Rxh4 Rxf5+ 62. Kxc4 Kb7 63. Kb4 Rf1 64. c4 Rb1+ 65. Kc5 Rd1
66. Rh7+ 1-0

[Event "srefidensi chess tournament Master Class"]
[Site "Hotel Royal Torarica"]
[Date "2013.11.24"]
[Round "8.1"]
[White "Aguero Jimenez, Luis Lazaro"]
[Black "Sanches, Romario"]
[Result "1-0"]
[WhiteElo "2422"]
[BlackElo "2038"]
[PlyCount "85"]
[EventDate "2013.??.??"]

1. Nf3 Nf6 2. g3 g6 3. Bg2 Bg7 4. O-O O-O 5. d4 d6 6. Nc3 Nbd7 7. e4 c6 8. a4
e5 9. h3 Re8 10. Re1 h6 11. a5 Qc7 12. Be3 Kh7 13. Qd2 Nf8 14. dxe5 dxe5 15.
Red1 Ne6 16. Qe2 Nf8 17. Nd2 Be6 18. Nc4 Bxc4 19. Qxc4 Ne6 20. Ne2 Red8 21.
Rxd8 Qxd8 22. a6 b6 23. Qxc6 Rc8 24. Qa4 Nc5 25. Qa2 Ncxe4 26. Qxf7 Rc7 27. Qb3
Nc5 28. Qb5 Qc8 29. b4 Ncd7 30. c3 e4 31. Bd4 Qe8 32. Nf4 g5 33. Nd5 Nxd5 34.
Qxd5 Nf6 35. Qf5+ Qg6 36. Qxg6+ Kxg6 37. Bxb6 Rd7 38. Bd4 Kf5 39. g4+ Ke6 40.
b5 Nd5 41. Bxe4 Kd6 42. Bxg7 Rxg7 43. Rd1 1-0

[Event "srefidensi chess tournament Master Class"]
[Site "Hotel Royal Torarica"]
[Date "2013.11.24"]
[Round "8.3"]
[White "Lebredo Zaragoitia, Gerardo"]
[Black "Gajadin, Dewperkash"]
[Result "1-0"]
[WhiteElo "2218"]
[BlackElo "2138"]
[PlyCount "50"]
[EventDate "2013.??.??"]

1. d4 Nf6 2. c4 e6 3. Nc3 d5 4. Bg5 Be7 5. e3 O-O 6. Nf3 Nbd7 7. Rc1 c6 8. Bd3
dxc4 9. Bxc4 Nd5 10. Bxe7 Qxe7 11. O-O Re8 12. Bb3 Nxc3 13. Rxc3 e5 14. Nxe5
Nxe5 15. dxe5 Qxe5 16. f4 Qf5 17. Bc2 Qg4 18. Qe1 f5 19. e4 Be6 20. Rg3 Qh5 21.
Qc3 Qf7 22. exf5 Bc4 23. f6 g6 24. f5 Bxf1 25. Bb3 Bc4 1-0

[Event "srefidensi chess tournament Master Class"]
[Site "Hotel Royal Torarica"]
[Date "2013.11.24"]
[Round "8.4"]
[White "Matoewi, Roger"]
[Black "Sriram, Jha"]
[Result "1/2-1/2"]
[WhiteElo "2119"]
[BlackElo "2432"]
[PlyCount "89"]
[EventDate "2013.??.??"]

1. e4 e5 2. Nf3 Nc6 3. Bb5 a6 4. Ba4 Nge7 5. O-O g6 6. c3 Bg7 7. d4 exd4 8.
cxd4 b5 9. Bb3 O-O 10. a4 b4 11. Bg5 h6 12. Bh4 d6 13. Bxe7 Nxe7 14. Nbd2 Bb7
15. Re1 Kh7 16. h4 Qd7 17. Nf1 a5 18. Ng3 Kh8 19. Rc1 Rac8 20. Qd2 Qg4 21. Bd1
c5 22. h5 gxh5 23. d5 h4 24. Nf1 Qg6 25. Ne3 Bf6 26. e5 dxe5 27. Rc4 Rg8 28.
Rg4 Qh7 29. Bc2 Ng6 30. Nxh4 Rcd8 31. Be4 h5 32. Nxg6+ fxg6 33. Rg3 Bh4 34. Rh3
Bg5 35. Qd3 Bc8 36. Rh2 Bf4 37. g3 Bxe3 38. Qxe3 c4 39. Qg5 Rde8 40. d6 Bd7 41.
Rc1 Be6 42. Rd1 Bd7 43. Rc1 Be6 44. Rd1 Bd7 45. Rc1 1/2-1/2

[Event "srefidensi chess tournament Master Class"]
[Site "Hotel Royal Torarica"]
[Date "2013.11.24"]
[Round "8.5"]
[White "Harper, Ryan"]
[Black "Vilela De Acuna, Jose Luis"]
[Result "0-1"]
[WhiteElo "2284"]
[BlackElo "2323"]
[PlyCount "118"]
[EventDate "2013.??.??"]

1. e4 c6 2. d4 d5 3. Nc3 dxe4 4. Nxe4 Bf5 5. Ng3 Bg6 6. h4 h6 7. Nf3 Nd7 8. h5
Bh7 9. Bd3 Bxd3 10. Qxd3 e6 11. Bd2 Ngf6 12. O-O-O Be7 13. Kb1 O-O 14. Ne4 c5
15. g4 Nxg4 16. Qe2 cxd4 17. Nxd4 Ndf6 18. Nxf6+ Bxf6 19. Bc3 Nxf2 20. Qxf2 Qb6
21. Qg3 Rac8 22. Ne2 Bg5 23. Rd6 Qc5 24. Rhd1 Rc7 25. Nc1 Rfc8 26. Nb3 Qc4 27.
R6d4 Qe2 28. Rd8+ Kh7 29. Qd3+ Qxd3 30. R8xd3 g6 31. Be5 Re7 32. Rd8 Rxd8 33.
Rxd8 f6 34. Bd6 Rf7 35. Re8 e5 36. hxg6+ Kxg6 37. Nc5 Kf5 38. c4 b6 39. Ne6 Rd7
40. c5 bxc5 41. Bxc5 h5 42. Nxg5 fxg5 43. Rf8+ Ke4 44. Rg8 Kf4 45. Be3+ Kxe3
46. Rxg5 Rh7 47. Rxe5+ Kf4 48. Rc5 h4 49. Rc4+ Ke5 50. b4 h3 51. Rc1 h2 52. Rh1
Kf4 53. Kb2 Rh3 54. Rf1+ Rf3 55. Rd1 Kg3 56. a4 Kg2 57. b5 h1=Q 58. Rxh1 Kxh1
59. a5 Rf5 0-1

[Event "srefidensi chess tournament Master Class"]
[Site "Hotel Royal Torarica"]
[Date "2013.11.25"]
[Round "9.2"]
[White "Sriram, Jha"]
[Black "Harper, Ryan"]
[Result "1-0"]
[WhiteElo "2432"]
[BlackElo "2284"]
[PlyCount "69"]
[EventDate "2013.??.??"]

1. d4 Nf6 2. c4 e6 3. Nc3 b6 4. e4 Bb4 5. Qc2 Bb7 6. Bd3 Nc6 7. Nge2 e5 8. d5
Nd4 9. Nxd4 exd4 10. a3 Bxc3+ 11. bxc3 dxc3 12. O-O O-O 13. Bg5 h6 14. Bh4 Qe7
15. f4 Qc5+ 16. Kh1 Ne8 17. Qxc3 f5 18. Bf2 Qe7 19. e5 d6 20. Rae1 c6 21. exd6
Qxd6 22. c5 Qg6 23. d6 Kh8 24. Re7 Rb8 25. Qe5 bxc5 26. Bxc5 Ba8 27. d7 Nf6 28.
Bxf5 Qh5 29. Bd3 Qg4 30. h3 Qg3 31. Rf3 Qh4 32. Rxg7 Kxg7 33. Bxf8+ Rxf8 34.
Qe7+ Rf7 35. d8=Q 1-0

[Event "srefidensi chess tournament Master Class"]
[Site "Hotel Royal Torarica"]
[Date "2013.11.25"]
[Round "9.5"]
[White "Sanches, Romario"]
[Black "L'ami, Alina"]
[Result "0-1"]
[WhiteElo "2038"]
[BlackElo "2361"]
[PlyCount "80"]
[EventDate "2013.??.??"]

1. e4 c5 2. Nc3 d6 3. g3 g6 4. Bg2 Bg7 5. Nge2 Nc6 6. O-O Nf6 7. d3 O-O 8. h3
Rb8 9. Be3 b5 10. Qd2 b4 11. Nd1 Bd7 12. Bh6 Bxh6 13. Qxh6 Nd4 14. Qd2 Qc8 15.
Nxd4 cxd4 16. Kh2 Rb5 17. f3 a5 18. Rc1 a4 19. c3 dxc3 20. bxc3 b3 21. c4 Rb6
22. axb3 Rxb3 23. Nc3 Qa6 24. Rb1 Rfb8 25. Qc2 Qb6 26. f4 Qd4 27. Rfd1 R8b6 28.
Ne2 Qe3 29. Nc3 Nh5 30. Nd5 Qxg3+ 31. Kg1 Rxb1 32. Rxb1 Rxb1+ 33. Qxb1 Bxh3 34.
Qb8+ Kg7 35. Qb2+ f6 36. e5 Qxg2+ 37. Qxg2 Bxg2 38. Kxg2 a3 39. exd6 exd6 40.
Nc3 Nxf4+ 0-1